02639cam a2200337 a 450000100090000000300060000900500170001500800410003201000160007302000150008902000180010403500200012204000860014205000220022808200220025010000250027224500390029726000320033630000290036833600260039733700280042333800270045150400570047850510170053552005410155263000470209365000480214065000430218865000170223165500530224834894323OCoLC20190121194821.0960513s1996 txu b 000 0 eng  a 96008962 a084991132X a9780849911323 a(OCoLC)34894323 aDLCbengcDLCdBAKERdBTCTAdHNWdTXCAPdYDXCPdOCLCOdOCLCAdOCLCQdOCLCAdOCLCF00aBV4909b.S95 199600a248.86220bS978H1 aSwindoll, Charles R.10aHope again /cCharles R. Swindoll. aDallas :bWord Pub.,c1996. axiii, 287 pages ;c24 cm atextbtxt2rdacontent aunmediatedbn2rdamedia avolumebnc2rdacarrier aIncludes bibliographical references (pages 283-287).0 aThe old fisherman's letter -- Hope beyond failure : the broken man behind the book -- Hope beyond suffering : how we can smile through suffering -- Hope beyond temptation : staying clean in a corrupt society -- Hope beyond division : reasons for pulling together -- Hope beyond guilt : becoming living stones -- Hope beyond unfairness : pressing on even though ripped off -- Hope beyond "I do" : the give-and-take of domestic harmony -- Hope beyond immaturity : maturity checkpoints -- Hope beyond bitterness : when life "just ain't fair" -- Hope beyond the creeds : focusing fully on Jesus Christ -- Hope beyond the culture : how to shock the pagan crowd -- Hope beyond extremism : marching orders for soldiers of the cross -- Hope beyond our trials : "when through fiery trials--" -- Hope beyond religion : a job description for shepherds -- Hope beyond dissatisfaction : a formula that brings relief -- Hope beyond the battle : standing nose-to-nose with the adversary -- Hope beyond misery : lasting lessons. aWhen you are facing suffering, discouragement, and failure, it seems that the hardest thing in the world to do is find hope in your situation. The author understands how tough it is to find hope again -- and how necessary it is to living up to our full potential in life. This book brings together the wisdom of one of today's most popular authors and the words of the big fisherman who was a follower of Jesus two thousand years ago, weaving insights for living in today's world with teachings from the New Testament writings of Peter.00aBible.pPeter, 1stxDevotional literature. 0aSufferingxReligious aspectsxChristianity. 0aHopexReligious aspectsxChristianity. 0aConsolation. 7aDevotional literature.2fast0(OCoLC)fst01423773